000 00702nam a22002417a 4500
999 _c8386
_d8386
003 AR-CdUCM
008 190325b ||||| |||| 00| 0 spa d
040 _aMUNICIPALIDAD PROVINCIAL DEL CUSCO
_cBIBLIOTECA MUNICIPAL DEL CUSCO
041 _heng
082 _a818.5 /
_bD93
100 _aDos Passos, John
_923537
245 _aHombre Joven a la Ventura /
260 _aBuenos Aires :
_bEditorial Sudamericana,
_c1951.
300 _a412 paginas ;
_c17 cm.
500 _aNovela "Adventure of a Young Man"
650 _aNovela
_95
650 _aLiteratura
_983
650 _aEstados Unidos
_91805
650 _aXIX
_923538
700 _aDiament, Clara
_923539
942 _2ddc
_cLIBROS
945 _apjha